000 00724nam a22002177a 4500
999 _c14808
_d14808
003 AR-CdUCM
008 190424b ||||| |||| 00| 0 spa d
020 _a978-84-441-4854-0
040 _aMUNICIPALIDAD PROVINCIAL DEL CUSCO
_cBIBLIOTECA MUNICIPAL DEL CUSCO
082 _aPI / 376.36 /
_bAL45
100 _aAlonso Ares, Adolfo
_933711
245 _aDe la A a la Z :
_bLa lectura /
260 _aEspaña :
_bEvergráficas,
_c2012.
300 _a48 páginas ;
_bilustraciones,
_c21 cm.
650 _aLiteratura infantil
_9588
650 _aAprendizaje infantil
_933271
700 _aVera, Luisa (ilustraciones)
_933712
710 _aDiseño & Creación Everest.
_933713
942 _2ddc
_cLIBROS
945 _aachl
_d2019-04-24